Die größten Städte mit F - Statistiken

Allgemein
  • Dieses Quiz wurde 256 mal gespielt
  • Das Durchschnittsergebnis liegt bei 5 aus 10
Antwortstatistiken
Land Antwort Einwohner % Korrekt
Deutschland Frankfurt am Main 2.600.000
98%
Italien Florenz 1.000.000
92%
Marokko Fes 1.330.000
65%
Sierra Leone Freetown 1.500.000
60%
Brasilien Fortaleza 3.800.000
46%
Japan Fukuoka 2.800.000
40%
Pakistan Faisalabad 4.000.000
33%
China Fuzhou 4.600.000
25%
Brasilien Florianopolis 1.100.000
19%
China Fuyang 1.300.000
5%
Keine übereinstimmenden Quizze gefunden
Verteilung der Resultate
Anzahl Personen mit jedem Resultat
Perzentil nach korrekt beantworteten Fragen
Ihre Resultats-Entwicklung
Sie haben dieses Quiz noch nicht gespielt